[Event "VIE-chT (Women)"]
[Site "Ho Chi Minh City"]
[Date "2019.09.29"]
[Round "6.17"]
[White "Tran, Phan Bao Khanh"]
[Black "Vo, Ngoc Tuyet Van"]
[Result "1-0"]
[WhiteElo "1822"]
[BlackElo "1812"]
[PlyCount "147"]
[EventDate "2019.09.26"]
[EventType "swiss"]
[EventRounds "9"]
[EventCountry "VIE"]
[SourceTitle "EXT 2020"]
[Source "ChessBase"]
[SourceDate "2019.10.17"]
[SourceVersion "1"]
[SourceVersionDate "2019.10.17"]
[SourceQuality "1"]

1. d4 d5 2. c4 c6 3. Nf3 Bf5 4. Bf4 Nd7 5. e3 Ngf6 6. Nc3 dxc4 7. Bxc4 e6 8. h3 Nb6 9. Bb3 Be7 10. Nh4 Be4 11. 0-0 0-0 12. Nxe4 Nxe4 13. Nf3 Bd6 14. Ne5 Nd5 15. Bh2 f6 16. Qg4 f5 17. Qe2 Qe7 18. f3 Ng5 19. e4 fxe4 20. fxe4 Nf6 21. Bc2 Nf7 22. Nd3 Bxh2+ 23. Kxh2 Rad8 24. Qe3 e5 25. dxe5 Nxe5 26. Bb3+ Kh8 27. Nf2 Ng6 28. Kg1 a6 29. Rad1 Rde8 30. Rde1 Qe5 31. Qc3 Qxc3 32. bxc3 Ne5 33. Re3 c5 34. Bd5 b5 35. Rd1 Re7 36. Nd3 Nxd3 37. Rdxd3 c4 38. Rd4 g6 39. e5 Nxd5 40. Rxd5 Rfe8 41. Kf2 Kg7 42. Kf3 g5 43. Ke4 Re6 44. Kd4 Kg6 45. g4 Kf7 46. a4 Rb8 47. axb5 axb5 48. Kc5 Ke7 49. Kb4 Reb6 50. e6 Rxe6 51. Rxe6+ Kxe6 52. Rxg5 Kd6 53. Rxb5 Rc8 54. Rb7 Kd5 55. Rd7+ Ke4 56. Rxh7 Kf3 57. g5 Rg8 58. h4 Kg4 59. Kxc4 Kf5 60. Rd7 Rh8 61. Rd4 Rc8+ 62. Kd3 Kg6 63. Rd6+ Kh5 64. Rh6+ Kg4 65. c4 Rd8+ 66. Ke4 Re8+ 67. Kd5 Rd8+ 68. Rd6 Ra8 69. g6 Kxh4 70. g7 Rg8 71. Rd7 Kg5 72. c5 Kf6 73. c6 Ra8 74. c7 1-0

[Event "VIE-ch U09 Girls"]
[Site "Ho Chi Minh City"]
[Date "2014.07.18"]
[Round "9"]
[White "Nguyen, Ngoc Minh Chau"]
[Black "Vo, Ngoc Tuyet Van"]
[Result "0-1"]
[WhiteElo "1598"]
[BlackElo "1547"]
[PlyCount "76"]
[EventDate "2014.07.13"]
[EventType "swiss"]
[EventRounds "9"]
[EventCountry "VIE"]
[SourceTitle "EXT 2016"]
[Source "ChessBase"]
[SourceDate "2015.10.08"]
[SourceVersion "1"]
[SourceVersionDate "2015.10.08"]
[SourceQuality "1"]

1. e4 e5 2. Nf3 Nc6 3. Bc4 Bc5 4. c3 Nf6 5. d3 d6 6. b4 Bb6 7. Bg5 0-0 8. 0-0 h6 9. Bh4 Re8 10. Nbd2 Be6 11. Bb3 Bxb3 12. axb3 a6 13. Nc4 Ba7 14. Ne3 Bxe3 15. fxe3 Re6 16. Qc2 Qd7 17. Rae1 Nh7 18. d4 exd4 19. exd4 Rg6 20. Qa2 Re8 21. Qc2 Nf6 22. Bxf6 Rxf6 23. Rd1 Rg6 24. e5 dxe5 25. dxe5 Qe7 26. Rde1 Re6 27. Nd4 Nxd4 28. cxd4 Qxb4 29. Qxc7 Qxd4+ 30. Kh1 R6e7 31. Qa5 Rxe5 32. h3 Rxa5 33. Rxe8+ Kh7 34. Rxf7 Ra1+ 35. Kh2 Qd6+ 36. g3 Qd2+ 37. Re2 Qxe2+ 38. Rf2 Qxf2# 0-1